000 00386cam a2200157ua 4500
041 _aeng
_h
082 _a664.94
_bBOR/FI
100 _aBorgstrom, Georg .
245 _aFish as food vol-1 /
_cGeorg Borgstrom.
_hTextual Documents
260 _aNew York :
_bAcademic Press ,
_c1961.
300 _a725 ; .
500 _a**Reference
504 _a
942 _cBK
999 _c4817
_d4817